|
|
|
|
| LEADER |
00000cam a2200000 7i4500 |
| 001 |
0000003443 |
| 005 |
20060321.0 |
| 090 |
0 |
0 |
|a FAO 634.909
|b REP
|
| 245 |
1 |
0 |
|a Report FAO/ITTO expert consultation on criteria and indicators for sustainable forest management :
|b (2-4 March 2004, Cebu City, Philippines.
|
| 260 |
0 |
0 |
|a Cebu City, Philippines :
|b Forest Management Bureau Department of Environment and Natural Resource Philippines ,
|c 2004
|
| 300 |
|
|
|a vi, 120 p. ;
|c 29 cm.
|
| 650 |
0 |
0 |
|a Forest and forestry
|x Report
|
| 650 |
0 |
0 |
|a Forest management
|x Report
|
| 710 |
2 |
1 |
|a Food and Agriculture Organization
|
| 710 |
2 |
1 |
|a Forest Management Bureau Department of Environment and Natural Resource Philippines
|
| 999 |
|
|
|a 0000005590
|b Monograph
|c Open Shelf
|e Default branch
|